000
00447nam a2200133Ia 4500
008
100328s9999 xx 000 0 und d
082
_b
60095
100
_a
मुळे ज्ञानेश्वर
245
_a
माती,पंख आणि आकाश.
260
_b
नवसाहित्य.
630
_a
माती,पंख आणि आकाश.
730
_a
माती,पंख आणि आकाश.
942
_c
BOOK
999
_c
546266
_d
546263